000 00910cam a2200229 4500
001 WB3717-31
008 000000n2001 000 0 eng u
035 _a(Sirsi) u112336
245 _aStately Homes in tax crisis
260 _c2001
490 _aEvening Standard
_v1 May 2001, 23(1)
520 _aHistoric Houses Association is calling for income tax relief for publicly accessible estates to prevent owners, struggling to meet maintenance costs after the Chancellor scrapped the 'one estate election' tax break, being forced to close their estates to the public or sell off works of art, which are estimated to have funded 26% of repairs in the last year.
590 _aWB
650 _aART SALES
650 _aCOUNTRY HOUSES
650 _aHISTORIC HOUSES
650 _aINCOME TAX RELIEF
650 _aREPAIRS AND MAINTENANCE
650 _aSTATELY HOMES
690 _aTAXATION
942 _n0
999 _c66869
_d66869